| 000 | 00885nam a2200229Ia 4500 | ||
|---|---|---|---|
| 003 | GCL | ||
| 005 | 20240530104506.0 | ||
| 008 | 140319s9999 xx 000 0 ara d | ||
| 040 |
_aGCL / _cGCL |
||
| 082 | 0 | 4 |
_a327.73047 _bم ص |
| 100 | 1 | _aممدوح محمود منصور | |
| 245 | 1 | 0 |
_aالصراع الامريكى السوفيتى فى الشرق الاوسط / _cتاليف : ممدوح محمود منصور ؛ تصدير : محمد طه بدوى |
| 260 |
_aالقاهرة : _bمكتبة مدبولى |
||
| 300 |
_a471 ص ؛ _c24 سم |
||
| 490 |
_aالهيئة العامة للاستعلامات _v0 |
||
| 650 | 0 | 4 | _aالاتحاد السوفيتى |
| 650 | 0 | 4 | _aالولايات المتحدة الامريكية |
| 650 | 0 | 4 | _aالشرق الاوسط |
| 650 | 0 | 4 | _aالعلاقات السياسية |
| 700 | 1 |
_aمحمد طه بدوى _eتصدير |
|
| 942 |
_2ddc _cBK |
||
| 999 |
_c48099 _d48099 |
||